[Event "Ruhrgebiet Verbandsliga Gruppe 1 1819"]
[Site "Nordrheinwestfalen"]
[Date "2019.03.10"]
[Round "7.6"]
[White "Kock, Wolfgang"]
[Black "Artz, Klaus"]
[Result "1-0"]
[WhiteElo "1970"]
[BlackElo "1854"]
[PlyCount "145"]
[EventDate "2018.09.23"]
[EventType "team-tourn"]
[EventRounds "9"]
[EventCountry "GER"]
[SourceTitle "EXT 2022"]
[Source "ChessBase"]
[SourceDate "2021.10.06"]
[SourceVersion "1"]
[SourceVersionDate "2021.10.06"]
[SourceQuality "1"]
[WhiteTeam "Sodingen/Castrop SK II"]
[BlackTeam "Bochum-Linden"]
[WhiteTeamCountry "GER"]
[BlackTeamCountry "GER"]

1. c4 c5 2. Nf3 Nf6 3. Nc3 d5 4. cxd5 Nxd5 5. g3 Nc6 6. Bg2 Nxc3 7. bxc3 e5 8. 0-0 Be7 9. d3 0-0 10. Rb1 Rb8 11. a4 Bf5 12. Nd2 Na5 13. Bb2 Qc7 14. Rc1 Be6 15. c4 Rbd8 16. Qc2 f6 17. Rb1 b6 18. Bc3 Nc6 19. a5 Nd4 20. Bxd4 Rxd4 21. axb6 axb6 22. Rb2 Bd8 23. Ra1 Rd7 24. Ne4 h6 25. Nc3 Qd6 26. Ra6 f5 27. Nb5 Qe7 28. Bc6 Rb7 29. Bxb7 Qxb7 30. Ra7 Qc6 31. f3 Bd7 32. Nc3 e4 33. dxe4 Bf6 34. e5 Bxe5 35. Qd3 Be6 36. Rd2 Bd4+ 37. Kg2 f4 38. Nb5 Be5 39. g4 Kh8 40. h3 Qc8 41. Qe4 Bb8 42. Nd6 Bxd6 43. Rxd6 Qb8 44. Qb7 Qxb7 45. Rxb7 Bxc4 46. Rdxb6 Bxe2 47. Kf2 Bd3 48. Rb8 Kg8 49. Ke1 Rxb8 50. Rxb8+ Kf7 51. h4 g6 52. Kd2 Bf1 53. Rc8 c4 54. Rc6 Kg7 55. g5 hxg5 56. hxg5 Kf7 57. Rf6+ Kg7 58. Rxf4 Bd3 59. Rf6 Bf1 60. Kc3 Bd3 61. Kd4 Be2 62. f4 Bf1 63. Rc6 Kf7 64. Ke5 Bd3 65. Rc7+ Ke8 66. f5 Bxf5 67. Rxc4 Ke7 68. Rc7+ Kf8 69. Kf6 Kg8 70. Rb7 Be4 71. Rb8+ Kh7 72. Rb4 Bf5 73. Kf7 1-0

[Event "Ruhrgebiet Verbandsliga Gruppe 1 1718"]
[Site "Germany"]
[Date "2018.02.18"]
[Round "7.7"]
[White "Dekhtyaryuk, Dimitri"]
[Black "Kock, Wolfgang"]
[Result "1/2-1/2"]
[WhiteElo "1848"]
[BlackElo "1959"]
[PlyCount "139"]
[EventDate "2017.09.17"]
[EventType "team-tourn"]
[EventRounds "9"]
[EventCountry "GER"]
[SourceTitle "EXT 2022"]
[Source "ChessBase"]
[SourceDate "2021.10.06"]
[SourceVersion "1"]
[SourceVersionDate "2021.10.06"]
[SourceQuality "1"]
[WhiteTeam "Eichlinghofen SV"]
[BlackTeam "Sodingen/Castrop SK II"]
[WhiteTeamCountry "GER"]
[BlackTeamCountry "GER"]

1. d4 Nf6 2. Nf3 e6 3. Bg5 Be7 4. e3 c5 5. c3 b6 6. Bd3 Bb7 7. 0-0 d6 8. Nbd2 Nbd7 9. e4 h6 10. Bh4 0-0 11. e5 dxe5 12. dxe5 Nh5 13. Bxe7 Qxe7 14. Be4 Bxe4 15. Nxe4 Nf4 16. Re1 Rad8 17. Qc2 Ng6 18. Ned2 Nb8 19. Rad1 Qc7 20. Nc4 b5 21. Rxd8 Rxd8 22. Na3 a6 23. Qe4 Nc6 24. Nc2 Nce7 25. Ne3 Qc6 26. Qc2 Qa8 27. c4 b4 28. Rd1 Rxd1+ 29. Qxd1 Qe4 30. h3 Nc6 31. Qd6 Ncxe5 32. Nxe5 Qxe5 33. Qxa6 Nf4 34. Qa8+ Kh7 35. Qf3 f5 36. b3 Nd3 37. Qd1 Qd4 38. Qc2 g6 39. Qd2 e5 40. Nc2 Qd6 41. a4 bxa3 42. Nxa3 e4 43. Nb5 Qf6 44. Qa5 h5 45. Qd2 Qa1+ 46. Kh2 Qe5+ 47. Kg1 f4 48. Nc3 Qd4 49. Nd5 Qa1+ 50. Kh2 Qe5 51. Kg1 h4 52. Qe2 Qd4 53. Qd2 Qa1+ 54. Kh2 g5 55. Qe2 Qe5 56. Kg1 Kh6 57. Qa2 Nb4 58. Nxb4 cxb4 59. Qa6+ Kh5 60. Qb7 Kg6 61. Qc6+ Kf5 62. Qd7+ Kf6 63. Qd8+ Qe7 64. Qd4+ Kg6 65. Qb6+ Kf5 66. Qb5+ Kf6 67. Qc6+ Kf5 68. Qd5+ Qe5 69. Qf7+ Qf6 70. Qd5+ 1/2-1/2

[Event "Ruhrgebiet Verbandsliga Gruppe 1 1718"]
[Site "Germany"]
[Date "2017.09.17"]
[Round "1.6"]
[White "Kock, Wolfgang"]
[Black "Broksch, Dirk"]
[Result "1-0"]
[WhiteElo "1959"]
[BlackElo "1851"]
[PlyCount "243"]
[EventDate "2017.09.17"]
[EventType "team-tourn"]
[EventRounds "9"]
[EventCountry "GER"]
[SourceTitle "EXT 2022"]
[Source "ChessBase"]
[SourceDate "2021.10.06"]
[SourceVersion "1"]
[SourceVersionDate "2021.10.06"]
[SourceQuality "1"]
[WhiteTeam "Sodingen/Castrop SK II"]
[BlackTeam "Erkenschwick II"]
[WhiteTeamCountry "GER"]
[BlackTeamCountry "GER"]

1. c4 Nf6 2. g3 g6 3. Bg2 Bg7 4. Nc3 0-0 5. d3 d6 6. e3 c5 7. Nge2 Nc6 8. 0-0 Bd7 9. a3 Qc8 10. Nf4 e5 11. Nfd5 Nxd5 12. Nxd5 Re8 13. Re1 Ne7 14. Nc3 Bc6 15. e4 Qd7 16. Bg5 f6 17. Be3 b6 18. b4 Bb7 19. b5 Rf8 20. Qd2 a5 21. Rf1 Rab8 22. h4 Qc7 23. Ne2 Bc8 24. f3 Be6 25. Rf2 Qd7 26. Kh2 h5 27. Rd1 Kh7 28. Ng1 Ng8 29. Bh3 Bxh3 30. Nxh3 Bh6 31. Rg1 Bxe3 32. Qxe3 Nh6 33. Rfg2 Rg8 34. g4 hxg4 35. fxg4 Nf7 36. Qf3 Kg7 37. Rf1 Qe6 38. Rgf2 Nh6 39. Rg1 Rh8 40. g5 Ng8 41. gxf6+ Qxf6 42. Qxf6+ Nxf6 43. Rfg2 Rh6 44. Kg3 Rbh8 45. Kf3 Rf8 46. Ke2 Nh5 47. Rg4 Nf4+ 48. Nxf4 Rxf4 49. Rxf4 exf4 50. Rg4 Kf6 51. Rxf4+ Ke5 52. Rg4 Kd4 53. Kd2 Ke5 54. Ke3 Rh8 55. Rxg6 Rxh4 56. Rg5+ Ke6 57. Rg8 Rh3+ 58. Kd2 Rh2+ 59. Kc3 Ra2 60. Rb8 Rxa3+ 61. Kc2 Ra2+ 62. Kb3 Rd2 63. Kc3 Ra2 64. Rxb6 Kd7 65. Ra6 a4 66. Ra7+ Kc8 67. Ra6 Kd7 68. b6 Ra3+ 69. Kc2 Rb3 70. Rxa4 Rxb6 71. Kd2 Ke6 72. Ra8 Rb2+ 73. Ke3 Rh2 74. Rf8 Rh1 75. Rf5 Rh3+ 76. Kd2 Rh2+ 77. Kc3 Rh3 78. Rg5 Rf3 79. Rd5 Re3 80. Kd2 Rh3 81. e5 dxe5 82. Rxc5 Rh2+ 83. Ke1 Kd6 84. Rd5+ Ke6 85. Rd8 Ke7 86. Ra8 Kd6 87. Kd1 Rg2 88. Ra5 Rh2 89. Kc1 Re2 90. Rb5 Rh2 91. Rb2 Rh5 92. Kd2 Rh3 93. Rb8 Kc7 94. Re8 Kd6 95. Kc3 Re3 96. Kd2 Rh3 97. Ke2 Rg3 98. Rd8+ Ke7 99. Rh8 Kd7 100. Rf8 Ke6 101. Rf3 Rg2+ 102. Ke3 Ra2 103. Rh3 Ra1 104. Rh6+ Kf5 105. Kd2 Ra2+ 106. Kc3 Ra3+ 107. Kc2 Ra2+ 108. Kb3 Rd2 109. Kc3 Ra2 110. c5 Ra3+ 111. Kc4 Ra4+ 112. Kb5 Ra3 113. Rd6 e4 114. dxe4+ Kxe4 115. c6 Ke5 116. Rd1 Rb3+ 117. Ka6 Ra3+ 118. Kb7 Rb3+ 119. Kc8 Rc3 120. c7 Rh3 121. Rb1 Kd6 122. Kb8 1-0

[Event "Ruhrgebiet Verbandsliga Gruppe 2 1617"]
[Site "Germany"]
[Date "2017.03.12"]
[Round "8.4"]
[White "Kock, Wolfgang"]
[Black "Leimkuehler, Dirk"]
[Result "1/2-1/2"]
[WhiteElo "1962"]
[BlackElo "1826"]
[PlyCount "70"]
[EventDate "2016.09.04"]
[EventType "team-tourn"]
[EventRounds "9"]
[EventCountry "GER"]
[SourceTitle "EXT 2022"]
[Source "ChessBase"]
[SourceDate "2021.10.06"]
[SourceVersion "1"]
[SourceVersionDate "2021.10.06"]
[SourceQuality "1"]
[WhiteTeam "Sodingen/Castrop SK II"]
[BlackTeam "Welper SV II"]
[WhiteTeamCountry "GER"]
[BlackTeamCountry "GER"]

1. c4 f5 2. Nc3 Nf6 3. Nf3 d6 4. d3 g6 5. g3 Bg7 6. Bg2 Nc6 7. Rb1 0-0 8. 0-0 e5 9. Qb3 h6 10. c5+ Kh7 11. cxd6 cxd6 12. e4 a6 13. exf5 gxf5 14. Ne2 Qe7 15. Qc2 Be6 16. b3 d5 17. Nh4 Rac8 18. Qd1 Nd7 19. Bb2 Bf6 20. Nf3 Qg7 21. Kh1 Rg8 22. Rg1 d4 23. Ne1 Qf7 24. f4 Bd5 25. fxe5 Bxe5 26. Rf1 Rg4 27. Nf3 Qh5 28. Nxe5 Bxg2+ 29. Kxg2 Ndxe5 30. Nxd4 Rxg3+ 31. hxg3 Ng4 32. Rh1 Ne3+ 33. Kg1 Qxd1+ 34. Rxd1 Nxd1 35. Nxc6 Rxc6 1/2-1/2

[Event "Ruhrgebiet Verbandsliga Gruppe 2 1617"]
[Site "Germany"]
[Date "2017.02.19"]
[Round "7.5"]
[White "Kock, Wolfgang"]
[Black "Wuebker, Paul Luca"]
[Result "1/2-1/2"]
[WhiteElo "1962"]
[BlackElo "1792"]
[PlyCount "81"]
[EventDate "2016.09.04"]
[EventType "team-tourn"]
[EventRounds "9"]
[EventCountry "GER"]
[SourceTitle "EXT 2022"]
[Source "ChessBase"]
[SourceDate "2021.10.06"]
[SourceVersion "1"]
[SourceVersionDate "2021.10.06"]
[SourceQuality "1"]
[WhiteTeam "Sodingen/Castrop SK II"]
[BlackTeam "Bochum SG III"]
[WhiteTeamCountry "GER"]
[BlackTeamCountry "GER"]

1. c4 e5 2. g3 f5 3. Bg2 Nf6 4. Nc3 Bc5 5. e3 0-0 6. Nge2 Nc6 7. d4 exd4 8. exd4 Bb4 9. 0-0 Kh8 10. a3 Bxc3 11. Nxc3 d6 12. Re1 Bd7 13. b4 Rb8 14. Qd3 Ne7 15. h4 Ng6 16. Bg5 Qc8 17. h5 Nxh5 18. Bf3 Nf6 19. Bxf6 Rxf6 20. Nd5 Re6 21. Bh5 c6 22. Rxe6 Bxe6 23. Ne3 Ne7 24. Ng2 d5 25. c5 g6 26. Bf3 Bf7 27. Re1 Qc7 28. b5 Re8 29. bxc6 bxc6 30. Qa6 Rb8 31. Nf4 Ng8 32. Nd3 Nf6 33. Nb4 Rc8 34. Re7 Qxe7 35. Qxc8+ Kg7 36. Kf1 Ne4 37. Bxe4 Qxe4 38. Nxc6 Qb1+ 39. Kg2 Qe4+ 40. Kf1 Qb1+ 41. Kg2 1/2-1/2

[Event "Ruhrgebiet Verbandsliga Gruppe 2 1617"]
[Site "Germany"]
[Date "2017.01.29"]
[Round "6.5"]
[White "Gajda, Peter"]
[Black "Kock, Wolfgang"]
[Result "0-1"]
[WhiteElo "1797"]
[BlackElo "1962"]
[PlyCount "84"]
[EventDate "2016.09.04"]
[EventType "team-tourn"]
[EventRounds "9"]
[EventCountry "GER"]
[SourceTitle "EXT 2022"]
[Source "ChessBase"]
[SourceDate "2021.10.06"]
[SourceVersion "1"]
[SourceVersionDate "2021.10.06"]
[SourceQuality "1"]
[WhiteTeam "Kirchhellen SF"]
[BlackTeam "Sodingen/Castrop SK II"]
[WhiteTeamCountry "GER"]
[BlackTeamCountry "GER"]

1. d4 d6 2. Nf3 c6 3. e3 Nf6 4. Bd3 Qc7 5. 0-0 e5 6. Nbd2 Bg4 7. h3 Bh5 8. b3 Nbd7 9. c4 Be7 10. Bb2 Rd8 11. Rc1 0-0 12. Qc2 Rfe8 13. Ng5 Bg6 14. Bxg6 hxg6 15. Rfd1 d5 16. dxe5 Nxe5 17. Ngf3 Ned7 18. Qc3 Bf8 19. Qc2 Nb6 20. Bxf6 gxf6 21. Nd4 Qe7 22. a4 dxc4 23. Nxc4 Nd5 24. Qe2 Bh6 25. Nc2 Nc3 26. Qe1 Nxd1 27. Rxd1 Rxd1 28. Qxd1 Rd8 29. Qe2 Bg7 30. Ne1 Qb4 31. Nf3 Qxb3 32. a5 f5 33. g3 Qd1+ 34. Qxd1 Rxd1+ 35. Kg2 Rc1 36. Nd6 b5 37. axb6 axb6 38. Ng5 b5 39. Ndxf7 b4 40. Nd6 b3 41. Ne6 Be5 42. Nc8 b2 0-1

[Event "Rheinland Pfalz op Seniors 14th"]
[Site "Neustadt an der Weinstrasse"]
[Date "2016.07.18"]
[Round "3"]
[White "Kock, Wolfgang"]
[Black "Schuller, Erhard"]
[Result "1/2-1/2"]
[WhiteElo "1764"]
[BlackElo "1723"]
[PlyCount "33"]
[EventDate "2016.07.16"]
[EventType "swiss"]
[EventRounds "9"]
[EventCountry "GER"]
[SourceTitle "EXT 2019"]
[Source "ChessBase"]
[SourceDate "2018.10.10"]
[SourceVersion "1"]
[SourceVersionDate "2018.10.10"]
[SourceQuality "1"]

1. e4 c5 2. c3 d5 3. exd5 Qxd5 4. d4 cxd4 5. cxd4 Nf6 6. Nc3 Qa5 7. Nf3 Nbd7 8. Bd2 Qd8 9. Bc4 e6 10. d5 exd5 11. Nxd5 Nxd5 12. Bxd5 Nf6 13. Bb3 Bd6 14. Qe2+ Qe7 15. Qxe7+ Bxe7 16. 0-0 0-0 17. Rfe1 1/2-1/2

[Event "Rheinland Pfalz op Seniors 14th"]
[Site "Neustadt an der Weinstrasse"]
[Date "2016.07.17"]
[Round "2"]
[White "Wawrinsky, Ludwig"]
[Black "Kock, Wolfgang"]
[Result "1-0"]
[WhiteElo "1812"]
[BlackElo "1764"]
[PlyCount "97"]
[EventDate "2016.07.16"]
[EventType "swiss"]
[EventRounds "9"]
[EventCountry "GER"]
[SourceTitle "EXT 2019"]
[Source "ChessBase"]
[SourceDate "2018.10.10"]
[SourceVersion "1"]
[SourceVersionDate "2018.10.10"]
[SourceQuality "1"]

1. e4 e6 2. d3 d5 3. Nc3 dxe4 4. Nxe4 Bd7 5. g3 Bc6 6. Nf3 Bxe4 7. dxe4 Qxd1+ 8. Kxd1 Bc5 9. Ke1 Nf6 10. Bd3 Ng4 11. Rf1 Nd7 12. h3 Nde5 13. Nxe5 Nxe5 14. Be2 0-0-0 15. f4 Nc6 16. c3 f6 17. b4 Bd6 18. Be3 Kb8 19. a4 e5 20. f5 Rhf8 21. a5 g6 22. g4 gxf5 23. gxf5 Rg8 24. b5 Ne7 25. b6 a6 26. bxc7+ Bxc7 27. Kf2 Nc6 28. Rfb1 Ka8 29. Bb6 Rd7 30. h4 Bxb6+ 31. Rxb6 Rf8 32. Bxa6 bxa6 33. Rxc6 Ka7 34. Rb1 Rb7 35. Rbb6 Rxb6 36. Rxb6 h5 37. Ke2 Rg8 38. Rxf6 Rg4 39. Kd3 Rxh4 40. Rh6 Rh3+ 41. Kc4 Re3 42. Rxh5 Rxe4+ 43. Kd5 Ra4 44. Kxe5 Rxa5+ 45. Ke6 Rb5 46. Rh7+ Kb6 47. f6 Kc6 48. f7 Rb7 49. Rh8 1-0

[Event "Rheinland Pfalz op Seniors 14th"]
[Site "Neustadt an der Weinstrasse"]
[Date "2016.07.16"]
[Round "1"]
[White "Kock, Wolfgang"]
[Black "Krebs, Dietmar"]
[Result "0-1"]
[WhiteElo "1764"]
[BlackElo "2002"]
[PlyCount "44"]
[EventDate "2016.07.16"]
[EventType "swiss"]
[EventRounds "9"]
[EventCountry "GER"]
[SourceTitle "EXT 2019"]
[Source "ChessBase"]
[SourceDate "2018.10.10"]
[SourceVersion "1"]
[SourceVersionDate "2018.10.10"]
[SourceQuality "1"]

1. e4 c5 2. c3 Nf6 3. e5 Nd5 4. d4 cxd4 5. cxd4 e6 6. Nf3 Nc6 7. Nc3 Nxc3 8. bxc3 d6 9. exd6 Bxd6 10. Bd3 Qa5 11. Qc2 h6 12. 0-0 0-0 13. Re1 e5 14. Bd2 exd4 15. cxd4 Qh5 16. Qc1 Bg4 17. Bf4 Bxf4 18. Qxf4 Bxf3 19. gxf3 Rad8 20. Qe4 f5 21. Bc4+ Kh8 22. Qe3 Nxd4 0-1

[Event "Ruhrgebiet Verbandsklasse Gruppe 1 1516"]
[Site "Germany"]
[Date "2015.11.29"]
[Round "4.2"]
[White "Kock, Wolfgang"]
[Black "Sharma, Danesh"]
[Result "1-0"]
[WhiteElo "1973"]
[BlackElo "1913"]
[PlyCount "133"]
[EventDate "2015.09.06"]
[EventType "team-tourn"]
[EventRounds "9"]
[EventCountry "GER"]
[SourceTitle "EXT 2022"]
[Source "ChessBase"]
[SourceDate "2021.10.06"]
[SourceVersion "1"]
[SourceVersionDate "2021.10.06"]
[SourceQuality "1"]
[WhiteTeam "Sodingen/Castrop SK III"]
[BlackTeam "Welper SV II"]
[WhiteTeamCountry "GER"]
[BlackTeamCountry "GER"]

1. c4 Nf6 2. Nf3 e6 3. g3 Be7 4. Bg2 0-0 5. 0-0 d5 6. d4 Nbd7 7. Nbd2 c6 8. Qc2 b6 9. Rd1 Ba6 10. b3 Rc8 11. e4 Nxe4 12. Nxe4 dxe4 13. Qxe4 Nf6 14. Qc2 Qc7 15. Bf4 Bd6 16. Bg5 Be7 17. Rac1 Rfd8 18. Ne5 Bb7 19. Bf4 Bd6 20. Qe2 Nd7 21. Nd3 Bxf4 22. Nxf4 Nf6 23. Bh3 Re8 24. c5 Nd5 25. Nxd5 cxd5 26. b4 bxc5 27. bxc5 Qa5 28. Qd2 Qa4 29. Rb1 Bc6 30. Rb4 Qa5 31. Qb2 Qc7 32. Rb1 h6 33. f4 Rcd8 34. Bf1 f6 35. Re1 Qa5 36. Re3 Qc7 37. Qe2 Bd7 38. Bg2 Rb8 39. Rbb3 Rxb3 40. axb3 Rb8 41. f5 e5 42. Bxd5+ Kh8 43. c6 Bxc6 44. Bxc6 Qxc6 45. dxe5 fxe5 46. Qc4 Qxc4 47. bxc4 Rc8 48. Rxe5 Rxc4 49. Ra5 Rc7 50. Kg2 Kg8 51. Ra6 Rf7 52. g4 h5 53. h3 hxg4 54. hxg4 Rb7 55. Kg3 Kf7 56. Kh4 Rc7 57. Kh5 Rb7 58. g5 Kf8 59. g6 Re7 60. Kg5 Rb7 61. Ra4 Rc7 62. Ra5 Rb7 63. Rc5 Re7 64. f6 gxf6+ 65. Kxf6 Re8 66. g7+ Kg8 67. Rh5 1-0

[Event "Ruhrgebiet Regionalliga 1516"]
[Site "Germany"]
[Date "2015.09.13"]
[Round "1.8"]
[White "Wolf, Ulrich"]
[Black "Kock, Wolfgang"]
[Result "1/2-1/2"]
[WhiteElo "2058"]
[BlackElo "1973"]
[PlyCount "45"]
[EventDate "2015.09.13"]
[EventType "team-tourn"]
[EventRounds "9"]
[EventCountry "GER"]
[SourceTitle "EXT 2022"]
[Source "ChessBase"]
[SourceDate "2021.10.06"]
[SourceVersion "1"]
[SourceVersionDate "2021.10.06"]
[SourceQuality "1"]
[WhiteTeam "Wattenscheid SV II"]
[BlackTeam "Sodingen/Castrop SK II"]
[WhiteTeamCountry "GE2"]
[BlackTeamCountry "GER"]

1. Nf3 Nf6 2. c4 e6 3. b3 b6 4. g3 Bb7 5. Bg2 Be7 6. Bb2 0-0 7. 0-0 a5 8. Nc3 Ne4 9. Nxe4 Bxe4 10. d3 Bc6 11. a3 Bf6 12. d4 Be4 13. Qd2 d5 14. Rac1 dxc4 15. bxc4 c5 16. e3 Ra7 17. Qc3 Nc6 18. Ne5 Bxg2 19. Kxg2 cxd4 20. exd4 Bxe5 21. dxe5 Rd7 22. Qf3 Qc7 23. Qe4 1/2-1/2

[Event "NRW Class2 1415"]
[Site "Germany"]
[Date "2015.03.22"]
[Round "8.7"]
[White "Peters, Ortwin"]
[Black "Kock, Wolfgang"]
[Result "0-1"]
[WhiteElo "1961"]
[BlackElo "1973"]
[PlyCount "66"]
[EventDate "2014.09.14"]
[EventType "team-tourn"]
[EventRounds "9"]
[EventCountry "GER"]
[SourceTitle "EXT 2017"]
[Source "ChessBase"]
[SourceDate "2016.10.25"]
[SourceVersion "1"]
[SourceVersionDate "2016.10.25"]
[SourceQuality "1"]
[WhiteTeam "Wuppertal Bahn"]
[BlackTeam "Castrop Rauxel"]
[WhiteTeamCountry "GER"]
[BlackTeamCountry "GER"]

1. c4 Nf6 2. Nc3 g6 3. Nf3 Bg7 4. g3 b6 5. Bg2 Bb7 6. 0-0 0-0 7. d4 Ne4 8. Qc2 Nxc3 9. Qxc3 c5 10. Qd3 cxd4 11. Nxd4 Bxg2 12. Kxg2 Nc6 13. Be3 Rc8 14. Nxc6 Rxc6 15. Rab1 Qc8 16. b3 Rd6 17. Qe4 Re6 18. Qd5 Re5 19. Qf3 d6 20. Bd4 Rh5 21. g4 Rg5 22. Bxg7 Rxg4+ 23. Kh1 Kxg7 24. Rbd1 Rg5 25. Rd4 Rf5 26. Qg2 Qe6 27. e3 Rh5 28. Rfd1 Rc8 29. Rd5 Rxd5 30. Rxd5 Qf6 31. Qe4 Qxf2 32. Rd1 Rc5 33. b4 Re5 0-1

[Event "NRW Class2 1415"]
[Site "Germany"]
[Date "2015.02.08"]
[Round "6.4"]
[White "Kock, Wolfgang"]
[Black "Loemker, Michael"]
[Result "0-1"]
[WhiteElo "1973"]
[BlackElo "2092"]
[PlyCount "130"]
[EventDate "2014.09.14"]
[EventType "team-tourn"]
[EventRounds "9"]
[EventCountry "GER"]
[SourceTitle "EXT 2017"]
[Source "ChessBase"]
[SourceDate "2016.10.25"]
[SourceVersion "1"]
[SourceVersionDate "2016.10.25"]
[SourceQuality "1"]
[WhiteTeam "Castrop Rauxel"]
[BlackTeam "Herford Koenigsspringer"]
[WhiteTeamCountry "GER"]
[BlackTeamCountry "GER"]

1. e4 g6 2. d4 Bg7 3. Nf3 d6 4. h3 Nf6 5. Nc3 0-0 6. Be3 c6 7. a4 a5 8. Be2 Qc7 9. 0-0 e5 10. Qd2 exd4 11. Nxd4 Re8 12. Bf3 Nbd7 13. Nb3 Ne5 14. Be2 Be6 15. Rfd1 Rad8 16. Bf4 Qb6 17. Nd4 Bc4 18. Be3 Bxe2 19. Ndxe2 Qb4 20. Bg5 Rd7 21. Bxf6 Bxf6 22. b3 Rdd8 23. Rab1 Nd7 24. f3 Nc5 25. Kh1 Qb6 26. Qe1 d5 27. Qg1 Qb4 28. Na2 Qa3 29. Nac3 dxe4 30. Nxe4 Nxe4 31. fxe4 Rxe4 32. Rxd8+ Bxd8 33. Nc3 Re8 34. Re1 Rxe1 35. Qxe1 Qd6 36. Qd1 Qe7 37. Qe2 Qf6 38. Qf3 Qg5 39. Ne2 Qe5 40. g3 Bb6 41. Kh2 h5 42. h4 Be3 43. Kg2 Kg7 44. Kh2 f5 45. Qf1 Qd5 46. Qe1 Bd2 47. Qf2 Qe4 48. Qd4+ Qxd4 49. Nxd4 Kf6 50. Kg2 Be3 51. Ne2 Ke5 52. Kf3 Bd2 53. Ng1 b5 54. Ke2 Bh6 55. Nf3+ Ke4 56. c3 bxa4 57. bxa4 c5 58. Ne1 Bg7 59. Nd3 Bxc3 60. Nxc5+ Kd5 61. Nd3 Be5 62. Kf3 Bd6 63. Nb2 Kd4 64. Nd1 Kc4 65. Ne3+ Kb4 0-1

[Event "NRW Class2 1415"]
[Site "Germany"]
[Date "2015.01.11"]
[Round "5.6"]
[White "Scharnowski, Tobias"]
[Black "Kock, Wolfgang"]
[Result "1-0"]
[WhiteElo "2005"]
[BlackElo "1973"]
[PlyCount "83"]
[EventDate "2014.09.14"]
[EventType "team-tourn"]
[EventRounds "9"]
[EventCountry "GER"]
[SourceTitle "EXT 2017"]
[Source "ChessBase"]
[SourceDate "2016.10.25"]
[SourceVersion "1"]
[SourceVersionDate "2016.10.25"]
[SourceQuality "1"]
[WhiteTeam "Guetersloh"]
[BlackTeam "Castrop Rauxel"]
[WhiteTeamCountry "GER"]
[BlackTeamCountry "GER"]

1. e4 d6 2. d4 Nf6 3. Nc3 c6 4. Nf3 Bg4 5. h3 Bh5 6. Qe2 e6 7. g4 Bg6 8. h4 h5 9. g5 Nfd7 10. Bh3 d5 11. exd5 cxd5 12. Nxd5 Qa5+ 13. Nc3 Bb4 14. Bd2 0-0 15. 0-0 Bxc3 16. Bxc3 Qa4 17. Rfc1 a5 18. Bg2 Bf5 19. b3 Qc6 20. Bb2 Qc7 21. c4 Nc6 22. d5 Nb4 23. Nd4 Bd3 24. Qd2 Bg6 25. dxe6 Nc5 26. e7 Qxe7 27. Re1 Qd7 28. Qc3 f6 29. Bh3 f5 30. Rad1 Nxa2 31. Qf3 Qf7 32. Re5 Nd7 33. Rb5 Nb4 34. Rxb7 Rab8 35. Rxb8 Rxb8 36. Nxf5 Bxf5 37. Qxf5 Qxf5 38. Bxf5 Nc5 39. Bg6 Kf8 40. Be5 Rb6 41. Bd6+ Kg8 42. Re1 1-0

[Event "NRW Class2 1415"]
[Site "Germany"]
[Date "2014.09.14"]
[Round "1.6"]
[White "Kock, Wolfgang"]
[Black "Wessendorf, Thomas"]
[Result "0-1"]
[WhiteElo "1973"]
[BlackElo "2198"]
[PlyCount "56"]
[EventDate "2014.09.14"]
[EventType "team-tourn"]
[EventRounds "9"]
[EventCountry "GER"]
[SourceTitle "EXT 2017"]
[Source "ChessBase"]
[SourceDate "2016.10.25"]
[SourceVersion "1"]
[SourceVersionDate "2016.10.25"]
[SourceQuality "1"]
[WhiteTeam "Castrop Rauxel"]
[BlackTeam "Katernberg II"]
[WhiteTeamCountry "GER"]
[BlackTeamCountry "GER"]

1. c4 g6 2. g3 Bg7 3. Bg2 Nf6 4. Nc3 0-0 5. d3 d6 6. Bd2 Nc6 7. Qc1 e5 8. Bh6 Be6 9. Bxg7 Kxg7 10. h4 h6 11. Nf3 Qd7 12. Qd2 Rae8 13. e4 Bg4 14. Nh2 Nd4 15. f3 Bh3 16. g4 Bxg2 17. Qxg2 c6 18. 0-0 Qe7 19. Qf2 Nd7 20. f4 f5 21. exf5 gxf5 22. g5 Nc5 23. fxe5 dxe5 24. Kh1 hxg5 25. hxg5 Rh8 26. Qg3 Rh5 27. Rg1 Reh8 28. Rg2 Rh3 0-1

[Event "NRW Verbandsklasse Group2 1314"]
[Site "Nordrheinwestfalen"]
[Date "2014.04.06"]
[Round "9"]
[White "Patzer, Joerg"]
[Black "Kock, Wolfgang"]
[Result "1-0"]
[WhiteElo "1908"]
[BlackElo "2008"]
[PlyCount "105"]
[EventDate "2013.09.08"]
[EventType "team-tourn"]
[EventRounds "9"]
[EventCountry "GER"]
[SourceTitle "EXT 2020"]
[Source "ChessBase"]
[SourceDate "2019.10.17"]
[SourceVersion "1"]
[SourceVersionDate "2019.10.17"]
[SourceQuality "1"]
[WhiteTeam "Horst Emscher II"]
[BlackTeam "Castrop Rauxel II"]
[WhiteTeamCountry "GER"]
[BlackTeamCountry "GER"]

1. f4 d5 2. b3 c5 3. e3 Nf6 4. Nf3 Nc6 5. Bb5 Bg4 6. Bxc6+ bxc6 7. 0-0 e6 8. Bb2 Be7 9. h3 Bxf3 10. Qxf3 0-0 11. d3 d4 12. e4 e5 13. f5 h6 14. Nd2 Nd7 15. Nc4 Qc7 16. Bc1 Kh7 17. g4 Nb6 18. Nb2 Qd8 19. a4 Bg5 20. Bxg5 hxg5 21. Kg2 Rh8 22. f6 g6 23. h4 gxh4 24. Rh1 Kg8 25. Qf2 Nd7 26. Raf1 h3+ 27. Rxh3 Rxh3 28. Kxh3 Kf8 29. Qh4 Ke8 30. Nc4 Qc7 31. Kg2 Rb8 32. Qh8+ Nf8 33. Rh1 Kd7 34. Qg8 Ke6 35. g5 Re8 36. Rh8 Rb8 37. Qg7 Nd7 38. Rxb8 Qxb8 39. Qh7 Nxf6 40. gxf6 Kxf6 41. Qh4+ Kg7 42. Qe7 Qb4 43. Qxe5+ Kf8 44. Qg3 Qb7 45. e5 Qe7 46. Qf4 Qe6 47. Nd2 f6 48. exf6 Qe2+ 49. Kg1 Qd1+ 50. Nf1 Kf7 51. Qe5 Qg4+ 52. Kf2 g5 53. Ng3 1-0

[Event "NRW Verbandsklasse Group2 1314"]
[Site "Nordrheinwestfalen"]
[Date "2013.09.08"]
[Round "1.1"]
[White "Kock, Wolfgang"]
[Black "Sinnwell, Horst"]
[Result "0-1"]
[WhiteElo "2008"]
[BlackElo "2038"]
[PlyCount "104"]
[EventDate "2013.09.08"]
[EventType "team-tourn"]
[EventRounds "9"]
[EventCountry "GER"]
[SourceTitle "EXT 2020"]
[Source "ChessBase"]
[SourceDate "2019.10.17"]
[SourceVersion "1"]
[SourceVersionDate "2019.10.17"]
[SourceQuality "1"]
[WhiteTeam "Castrop Rauxel II"]
[BlackTeam "Kirchhellen SF"]
[WhiteTeamCountry "GER"]
[BlackTeamCountry "GER"]

1. c4 c5 2. Nf3 Nf6 3. g3 e6 4. Bg2 Be7 5. 0-0 0-0 6. Qc2 d5 7. e3 Nc6 8. a3 b6 9. Rd1 Bb7 10. d4 cxd4 11. Nxd4 Nxd4 12. Rxd4 Rc8 13. b3 Qc7 14. Bb2 dxc4 15. Rxc4 Qd7 16. Bxb7 Rxc4 17. Qxc4 Qxb7 18. Nd2 Rc8 19. Qd3 Rd8 20. Qc2 h6 21. Bxf6 Bxf6 22. Rc1 Qd5 23. Nc4 Be7 24. a4 Bb4 25. Nb2 Qf3 26. Nd3 Ba3 27. Rd1 Qb7 28. Ne5 Rxd1+ 29. Qxd1 Qc7 30. Nc4 Be7 31. Qf3 Qd8 32. e4 a6 33. Ne5 Bf6 34. Nxf7 Kxf7 35. e5 Qd5 36. Qxd5 exd5 37. exf6 Kxf6 38. Kf1 Ke5 39. Ke2 Kd4 40. Kd2 Kc5 41. Kc3 d4+ 42. Kc2 Kb4 43. f4 d3+ 44. Kxd3 Kxb3 45. g4 b5 46. axb5 axb5 47. f5 b4 48. h4 Ka2 49. g5 hxg5 50. hxg5 b3 51. f6 gxf6 52. gxf6 b2 0-1